PCR, a practical approach (Record no. 7229)
[ view plain ]
| 000 -LEADER | |
|---|---|
| fixed length control field | 01341cam a2200349 a 4500 |
| 001 - CONTROL NUMBER | |
| control field | 1524598 |
| 003 - CONTROL NUMBER IDENTIFIER | |
| control field | OSt |
| 005 - DATE AND TIME OF LATEST TRANSACTION | |
| control field | 20210910150734.0 |
| 008 - FIXED-LENGTH DATA ELEMENTS--GENERAL INFORMATION | |
| fixed length control field | 901204s1991 enka b 001 0 eng c |
| 010 ## - LIBRARY OF CONGRESS CONTROL NUMBER | |
| LC control number | 90014354 |
| 020 ## - INTERNATIONAL STANDARD BOOK NUMBER | |
| International Standard Book Number | 019963226X (hardback) : |
| Terms of availability | £30.00 (est.) ($45.00) |
| 020 ## - INTERNATIONAL STANDARD BOOK NUMBER | |
| International Standard Book Number | 0199631964 (pbk.) : |
| Terms of availability | £18.50 (est.) ($27.25) |
| 040 ## - CATALOGING SOURCE | |
| Original cataloging agency | DNLM/DLC |
| Transcribing agency | DDC |
| Modifying agency | DLC |
| 050 00 - LIBRARY OF CONGRESS CALL NUMBER | |
| Classification number | QP606.D46 |
| Item number | P66 1991 |
| 060 ## - NATIONAL LIBRARY OF MEDICINE CALL NUMBER | |
| Classification number | QH 450 P7833 |
| 082 00 - DEWEY DECIMAL CLASSIFICATION NUMBER | |
| Classification number | 574.87POL1991 |
| 100 ## - MAIN ENTRY--PERSONAL NAME | |
| Personal name | McPherson M.J.; Quirke P. and Taylor G.R. |
| 9 (RLIN) | 14856 |
| 245 00 - TITLE STATEMENT | |
| Title | PCR, a practical approach |
| Statement of responsibility, etc. | Edited by McPherson M.J.; Quirke P. and Taylor G.R. |
| 260 ## - PUBLICATION, DISTRIBUTION, ETC. (IMPRINT) | |
| Place of publication, distribution, etc. | Oxford ; |
| -- | New York : |
| Name of publisher, distributor, etc. | IRL Press at Oxford University Press, |
| Date of publication, distribution, etc. | c1991. |
| 300 ## - PHYSICAL DESCRIPTION | |
| Extent | xxi,253p; |
| Other physical details | ill. ; |
| Dimensions | 25 cm. |
| 440 #4 - SERIES STATEMENT/ADDED ENTRY--TITLE | |
| Title | The Practical approach series |
| 9 (RLIN) | 4610 |
| 504 ## - BIBLIOGRAPHY, ETC. NOTE | |
| Bibliography, etc | Includes; references and index. |
| 650 #0 - SUBJECT ADDED ENTRY--TOPICAL TERM | |
| Topical term or geographic name as entry element | Biology |
| 9 (RLIN) | 5602 |
| 700 1# - ADDED ENTRY--PERSONAL NAME | |
| Personal name | McPherson, M. J. |
| 9 (RLIN) | 14859 |
| 700 1# - ADDED ENTRY--PERSONAL NAME | |
| Personal name | Taylor, G. R. |
| Fuller form of name | (Graham R.) |
| 9 (RLIN) | 14861 |
| 700 1# - ADDED ENTRY--PERSONAL NAME | |
| Personal name | Quirke, P. |
| Fuller form of name | (Philip) |
| 9 (RLIN) | 14862 |
| 856 42 - ELECTRONIC LOCATION AND ACCESS | |
| Materials specified | Publisher description |
| Uniform Resource Identifier | <a href="http://www.loc.gov/catdir/enhancements/fy0603/90014354-d.html">http://www.loc.gov/catdir/enhancements/fy0603/90014354-d.html</a> |
| 856 41 - ELECTRONIC LOCATION AND ACCESS | |
| Materials specified | Table of contents only |
| Uniform Resource Identifier | <a href="http://www.loc.gov/catdir/enhancements/fy0603/90014354-t.html">http://www.loc.gov/catdir/enhancements/fy0603/90014354-t.html</a> |
| 906 ## - LOCAL DATA ELEMENT F, LDF (RLIN) | |
| a | 7 |
| b | cbc |
| c | orignew |
| d | 1 |
| e | ocip |
| f | 19 |
| g | y-gencatlg |
| 942 ## - ADDED ENTRY ELEMENTS (KOHA) | |
| Source of classification or shelving scheme | Dewey Decimal Classification |
| Koha item type | Open Shelf |
| Withdrawn status | Lost status | Source of classification or shelving scheme | Damaged status | Not for loan | Home library | Current library | Date acquired | Source of acquisition | Inventory number | Total Checkouts | Full call number | Barcode | Date last seen | Price effective from | Koha item type |
|---|---|---|---|---|---|---|---|---|---|---|---|---|---|---|---|
| Dewey Decimal Classification | MUST Main Library | MUST Main Library | 10/09/2021 | Purchase | 08/30121 | 574.87POL1991 | 2021-1135 | 10/09/2021 | 10/09/2021 | Open Shelf | |||||
| Dewey Decimal Classification | MUST Main Library | MUST Main Library | 10/09/2021 | Purchase | 08/30120 | 574.87POL1991 | 2021-1136 | 10/09/2021 | 10/09/2021 | Open Shelf | |||||
| Dewey Decimal Classification | MUST Main Library | MUST Main Library | 10/09/2021 | Purchase | 08/30123 | 574.87POL1991 | 2021-1137 | 10/09/2021 | 10/09/2021 | Open Shelf | |||||
| Dewey Decimal Classification | MUST Main Library | MUST Main Library | 10/09/2021 | Purchase | 08/30119 | 574.87POL1991 | 2021-1138 | 10/09/2021 | 10/09/2021 | Open Shelf | |||||
| Dewey Decimal Classification | MUST Main Library | MUST Main Library | 10/09/2021 | Purchase | 08/30122 | 574.87POL1991 | 2021-1139 | 10/09/2021 | 10/09/2021 | Open Shelf |
